|
|
|
|
| LEADER |
00000nam a2200000 a 4500 |
| 001 |
vtls001347967 |
| 003 |
SK-MaSNL |
| 005 |
20260301200750.0 |
| 008 |
240318s1998 xo a r hun |
| 015 |
|
|
|a SNBA1999/01-00372
|
| 020 |
|
|
|a 8008024526
|
| 035 |
|
|
|a SNK000301240
|
| 035 |
|
|
|a urn:nbn:sk:snk-amkih4
|
| 035 |
|
|
|a urn:nbn:sk:snk-am008h8x
|
| 035 |
|
|
|a 137CF2D1-83BE-42D5-9AEE-5DF911A6E797
|
| 040 |
|
|
|a SNK
|b slo
|c SNK
|e AACR2
|
| 041 |
0 |
|
|a hun
|
| 044 |
|
|
|a xo
|c SK
|
| 080 |
|
|
|a 372.46:809.451.1(075.2)
|2 1981
|
| 100 |
1 |
|
|a Drozdík, Katalin
|4 aut
|9 12925
|
| 245 |
1 |
0 |
|a Magyar nyelv az alapiskola 2. osztálya számára
|c Drozdík Katalin, Kremmer Júlia
|
| 246 |
1 |
0 |
|a Maďarský jazyk pre 2. ročník základných škôl s vyučovacím jazykom maďarským
|
| 260 |
|
|
|a Bratislava
|b Slovenské pedagogické nakladateľstvo
|c 1998
|
| 300 |
|
|
|a 104 s.
|b fareb. ilustr.
|c 24 cm
|
| 500 |
|
|
|a Tir. aj slov.
|
| 500 |
|
|
|a Ilustr. na tit. strane a front
|
| 500 |
|
|
|a Ilustr. Horváth-Šmíd, Klára
|
| 650 |
0 |
7 |
|a maďarčina
|x učebnice zákl. škôl (2. roč.)
|2 SNK
|9 580389
|
| 655 |
|
7 |
|a učebnice
|2 SNK
|9 22521
|
| 700 |
1 |
|
|a Kremmer, Júlia
|4 aut
|9 45022
|
| 700 |
1 |
|
|a Šmídová, Klára,
|d 1956-
|4 ill
|9 133350
|
| 919 |
|
|
|a 80-08-02452-6
|
| 958 |
|
|
|a TL
|
| 958 |
|
|
|a UX
|
| 958 |
|
|
|a HU
|
| 999 |
|
|
|c 891978
|d 893908
|
| 952 |
|
|
|t P60, <09>, [BOOK], {629}
|a SNK
|b SNK
|y NEVYP
|7 0
|o snkC 863
|i snk1609/981116
|0 0
|1 0
|4 0
|d 1998-11-13
|l 0
|r 2005-01-02 00:00:00
|w 2026-02-24
|
| 952 |
|
|
|t P60, <03>, [BOOK], {603}
|a SNK
|b SNK
|y PREZ
|7 0
|p 17A0168370
|o snkSC 97141
|i snkKSP 10344/98
|0 0
|1 0
|4 0
|d 1998-11-12
|f 1
|l 0
|r 2025-09-16 00:00:00
|w 2026-02-24
|
| 952 |
|
|
|t P60, <04>, [BOOK], {604}
|a SNK
|b SNK
|y VYP
|7 0
|p 17A0168531
|o snkSC 97141 D1
|i snkKSP 10469/98
|0 0
|1 0
|4 0
|d 1998-11-13
|l 0
|r 2005-01-02 00:00:00
|w 2026-02-24
|